| 000 | 00369nam a2200145Ia 4500 | ||
|---|---|---|---|
| 008 | 230312s9999||||xx |||||||||||||| ||und|| | ||
| 082 |
_a004 _bSHE-D |
||
| 100 | _aShelly Gary B. | ||
| 245 | 0 | _aDiscovering Computers | |
| 260 |
_bThomson Learning _aAustralia |
||
| 300 | _a1652 | ||
| 546 | _aEng. | ||
| 650 |
_aComputer _vIntroduction , Application Software |
||
| 942 | _cBK | ||
| 999 |
_c3403 _d3403 |
||